Ute NANZ, Die Isolde-Weißhand-Gestalten im Wandel des Tristansthoffs. Figurenzeichnung zwischen Vorlagenbezug und Werkkonzeption, Heidelberg, Universitätsverlag Winter, 2010 ; 1 vol. in-8o, X–339 p. (Beiträge zur älteren Literaturgeschichte). ISBN : 978-3-8253-5724-5. Prix : € 40,00. (notice n° 1603605)

détails MARC
000 -LEADER
fixed length control field 01959cam a2200157 4500500
005 - DATE AND TIME OF LATEST TRANSACTION
control field 20251228092813.0
041 ## - LANGUAGE CODE
Language code of text/sound track or separate title fre
042 ## - AUTHENTICATION CODE
Authentication code dc
100 10 - MAIN ENTRY--PERSONAL NAME
Personal name Ueltschi, Karin
Relator term author
245 00 - TITLE STATEMENT
Title Ute NANZ, Die Isolde-Weißhand-Gestalten im Wandel des Tristansthoffs. Figurenzeichnung zwischen Vorlagenbezug und Werkkonzeption, Heidelberg, Universitätsverlag Winter, 2010 ; 1 vol. in-8o, X–339 p. (Beiträge zur älteren Literaturgeschichte). ISBN : 978-3-8253-5724-5. Prix : € 40,00.
260 ## - PUBLICATION, DISTRIBUTION, ETC.
Date of publication, distribution, etc. 2011.<br/>
500 ## - GENERAL NOTE
General note 100
520 ## - SUMMARY, ETC.
Summary, etc. Cligés and Fenice, a couple of exemplary lovers in the 15th Century prose Cligès , a Burgundian romance : Le Livre de Alixandre empereur de Constentinoble et de Cligés son filz This article attempts to examine the ideology expressed in the prose revision of Chrétien de Troyes’ Cligès in terms of its historical context, which is Philippe the Good’s Burgundian court. To do so, the discussion focuses on the key concepts of the prose romance, the duty of love and fidelity in love, which become extraordinarily important, beginning with an episode that was invented and inserted by the prose writer towards the third part of the romance. The episode describes the sorrow of a damsel abandoned by her lover and acts as a magical mirror, which will be decisive for the hero’s good conduct for the remainder of the story. The present study sets the important concepts in the context of the rules of courtly love, said to have been created by Charles VI, and concludes that the prose version of Cligès may well have played a considerable ideological role similar to the court’s, which blossomed significantly with the accession of Philippe the Good, and which must have helped the Duke to domesticate his courtiers.
786 0# - DATA SOURCE ENTRY
Note Le Moyen Age | CXVII | 1 | 2011-12-10 | p. 122d-123d | 0027-2841
856 41 - ELECTRONIC LOCATION AND ACCESS
Uniform Resource Identifier <a href="https://shs.cairn.info/revue-le-moyen-age-2011-1-page-122d?lang=fr&redirect-ssocas=7080">https://shs.cairn.info/revue-le-moyen-age-2011-1-page-122d?lang=fr&redirect-ssocas=7080</a>

Pas d'exemplaire disponible.

PLUDOC

PLUDOC est la plateforme unique et centralisée de gestion des bibliothèques physiques et numériques de Guinée administré par le CEDUST. Elle est la plus grande base de données de ressources documentaires pour les Étudiants, Enseignants chercheurs et Chercheurs de Guinée.

Adresse

627 919 101/664 919 101

25 boulevard du commerce
Kaloum, Conakry, Guinée

Réseaux sociaux

Powered by Netsen Group @ 2025